000 00526nam a2200181Ia 4500
003 GCL
008 140319s9999 xx 000 0 ara d
040 _aGCL /
_cGCL
082 0 4 _aط
_b813.087
_bس ع
100 1 _aسعد يلاز
245 1 0 _aعلاءالدين والمصباح السحرى /
_cسعد يلاز
490 _aالسلسلة القصصية
_v0
650 0 4 _aالاطفال
650 0 4 _aقصص الاطفال
650 0 4 _aادب الاطفال
650 0 4 _aقصص المغامرات
942 _2ddc
_cBK
999 _c51291
_d51291